Statistics for Georgian Alphabet - Mkhedruli

Click here to take the quiz!

General Stats

  • This quiz has been taken 90 times
  • The average score is 25 of 33

Answer Stats

MkhedruliLatinName% Correct
aani
100%
bbani
100%
eeni
94%
ggani
94%
ddoni
93%
vvini
89%
zzeni
87%
iini
85%
llasi
85%
mmani
83%
nnari
83%
ooni
83%
kk'ani
80%
pp'ari
80%
rrae
80%
ttani
80%
ssani
76%
uuni
74%
kkani
72%
tt'ari
72%
zhzhani
72%
chchini
70%
chch'ari
69%
ppari
67%
shshini
67%
ghghani
65%
hhae
65%
qq'ari
65%
tsts'ili
65%
khkhani
61%
dzdzili
59%
tstsani
59%
djjani
54%

Score Distribution

Percentile by Number Answered

Percent of People with Each Score

Your Score History

You have not taken this quiz